Index to Lok sabha debates (Record no. 505790)

MARC details
000 -LEADER
fixed length control field 00688nam a2200229Ia 4500
003 - CONTROL NUMBER IDENTIFIER
control field OSt
005 - DATE AND TIME OF LATEST TRANSACTION
control field 20220925183753.0
008 - FIXED-LENGTH DATA ELEMENTS--GENERAL INFORMATION
fixed length control field 220923b |||||||| |||| 00| 0 eng d
037 ## - SOURCE OF ACQUISITION
Terms of availability General Book
040 ## - CATALOGING SOURCE
Original cataloging agency RTL
Transcribing agency RTL
Language of cataloging eng
041 ## - LANGUAGE CODE
Source of code eng
Language code of text/sound track or separate title eng
110 ## - MAIN ENTRY--CORPORATE NAME
Corporate name or jurisdiction name as entry element INDIAN , LOK SABHA
9 (RLIN) 259295
245 #0 - TITLE STATEMENT
Title Index to Lok sabha debates
Remainder of title 4th series , 6th session .
260 ## - PUBLICATION, DISTRIBUTION, ETC.
Place of publication, distribution, etc. Delhi
Name of publisher, distributor, etc. Lok sabha secretariat
Date of publication, distribution, etc. 1968
300 ## - PHYSICAL DESCRIPTION
Extent iii , 655p
Dimensions cm.
700 ## - ADDED ENTRY--PERSONAL NAME
Personal name INDIAN , LOK SABHA
9 (RLIN) 259296
942 ## - ADDED ENTRY ELEMENTS (KOHA)
Classification part V2, 31p . N68, K8 .21-23
Koha item type General Books
Source of classification or shelving scheme Colon Classification (CC)
Holdings
Withdrawn status Lost status Damaged status Not for loan Home library Current library Date acquired Total Checkouts Full call number Barcode Date last seen Price effective from Koha item type
        Ratan Tata Library Ratan Tata Library 2022-09-25   V2 31p . N68 K8 .21-23 RT0621703 2022-09-25 2022-09-25 General Books
Copyright @ Delhi University Library System